| Tag |
First Indicator |
Second Indicator |
Subfields |
| LEADER |
00000cam a2200000 4500 |
| 001 |
in00000056832 |
| 005 |
20151008050917.0 |
| 008 |
750915s1941 nyu b 00110 eng u |
| 010 |
|
|
|a 41019543
|
| 035 |
|
|
|a (OCoLC)01625489
|
| 035 |
|
|
|9 AAG4237AM
|
| 040 |
|
|
|c YNG
|d TXA
|d UtOrBLW
|
| 049 |
|
|
|a TXAM
|c 1 [110663]
|a TXAS [mil]
|c 2
|
| 050 |
|
0 |
|a UA23
|b .H46 1941
|
| 082 |
0 |
|
|a 355.0973
|
| 092 |
|
|
|a 355
|b H567i
|
| 100 |
1 |
|
|a Herring, Pendleton,
|d 1903-
|
| 245 |
1 |
4 |
|a The impact of war :
|b our American democracy under arms /
|c by Pendleton Herring.
|
| 264 |
|
1 |
|a New York :
|b Farrar & Rinehart,
|c [1941]
|
| 264 |
|
4 |
|c ©1941
|
| 300 |
|
|
|a ix, 306 pages ;
|c 22 cm.
|
| 336 |
|
|
|a text
|b txt
|2 rdacontent
|
| 337 |
|
|
|a unmediated
|b n
|2 rdamedia
|
| 338 |
|
|
|a volume
|b nc
|2 rdacarrier
|
| 504 |
|
|
|a Bibliography: pages 285-294.
|
| 500 |
|
|
|a Includes indexes.
|
| 651 |
|
0 |
|a United States
|x Defenses.
|
| 651 |
|
0 |
|a United States
|x Politics and government.
|
| 740 |
0 |
|
|a Our American democracy under arms.
|
| 999 |
|
|
|a MARS
|
| 999 |
f |
f |
|s da790d31-3f38-304a-b7f1-110c086e088f
|i 73f442a1-25c6-3bcf-bad9-12fba9168faa
|t 0
|
| 952 |
f |
f |
|p ric
|a Texas A&M University
|b Rellis Campus
|c Joint Library Facility
|d Remote Storage
|t 0
|e UA23 .H46 1941
|h Library of Congress classification
|i unmediated -- volume
|m A14800801982
|
| 952 |
f |
f |
|p noncirc
|a Texas A&M University
|b College Station
|c Cushing Memorial Library & Archives
|d Cushing: Ragan Military (Does not check out)
|t 0
|e UA23 .H46 1941
|h Library of Congress classification
|i unmediated -- volume
|
| 998 |
f |
f |
|a UA23 .H46 1941
|t 0
|l Cushing: Ragan Military (Does not check out)
|
| 998 |
f |
f |
|a UA23 .H46 1941
|t 0
|l Remote Storage
|